Sonatina pro housle a klavír : (1942) /

Hlavní autor: Bořkovec, Pavel, 1894-1972
Jazyk: Nelze použít, není lingvistický obsah
Vydáno: Praha : Hudební matice Umělecké besedy, 1944
Fyzický popis: 1 partitura (23 s.) + 1 hlas (8 s.)
Hudebniny Hudebniny
Uloženo v:
LEADER 00731ncm a22002052a 4500
001 001311189
003 CZ BrMZK
005 20140131130209.0
007 qu
008 130717s1944 xr |||||||||||||||||zxx d
040 |a BOA001  |b cze 
072 7 |a 787  |x Hudba pro strunné a smyčcové nástroje  |2 Konspekt  |9 9 
100 1 |a Bořkovec, Pavel,  |d 1894-1972  |7 jk01012733  |4 cmp 
245 1 0 |a Sonatina  |h [hudebnina] :  |b pro housle a klavír : (1942) /  |c Pavel Bořkovec 
260 |a Praha :  |b Hudební matice Umělecké besedy,  |c 1944 
300 |a 1 partitura (23 s.) + 1 hlas (8 s.) 
910 |a BOA001  |b Mus4-0188.564 
990 |a MU 
991 |b 201307 
996 6 |b 2619570566  |c Mus4-0188.564  |l MZK  |r Sklad / do 1 hodiny  |n 0  |w 001346158  |u 000010  |a 1  |e BOA001  |j MZK50  |s P